000 00523nam a2200205Ia 4500
005 20250923150205.0
008 008 250917s9999 xx 000 0 eng d
037 _aTextual
040 _aDSWL
_beng
_cDSWL
041 _aeng
_2eng
084 _qDSWL
245 0 _aGlobalization and after
_cby S Dasgupta
260 _aNew Delhi
_b Sage Publications
_c2006
300 _a443p.
365 _aINR
_b550 . 0
650 _a Ray KIELY
_9843205
925 _g550 . 0
942 _cTEXL
999 _c1460599
_d1460599